| 000 | 00521 a2200169 4500 | ||
|---|---|---|---|
| 020 | _a0072127945 | ||
| 020 | _a0071356398 | ||
| 040 | _aDLC | ||
| 082 | 0 | 0 | _a005.8 |
| 245 | 1 | 0 |
_aFirewalls : a complete guide _cMarcus |
| 260 |
_aNew York : _bMcGraw-Hill, _cc2000. |
||
| 300 |
_axxi, 678 p. : _bill. ; _c24 cm. + _e1 CD-ROM (4 3/4 in.) |
||
| 500 | _aIncludes index. | ||
| 650 | 0 | _aFirewalls (Computer security) | |
| 856 | 4 | 1 | _uhttp://www.netLibrary.com/urlapi.asp?action=summary&v=1&bookid=54605 |
| 942 |
_cBK _k005.8 GON _2ddc |
||
| 999 |
_c6716 _d6716 |
||